Problematika kalibrácie klimatických komôr

Enregistré dans:
Détails bibliographiques
Auteur principal: Blokhina, Victoria (Auteur)
Autres auteurs: Rybář, Jan (Directeur de thèse)
Format: Manuscrit Livre
Langue:slovaque
Publié: 2025
Sujets:
Accès en ligne:http://is.stuba.sk/zp/portal_zp.pl?podrobnosti=178881
Tags: Ajouter un tag
Pas de tags, Soyez le premier à ajouter un tag!

MARC

LEADER 00000ntm a22000003a 4500
001 stuzp105125
003 SK-STU
005 20250628212400.4
007 ta
008 150427s2015----xo-----f-mn---000-0-slo-d
040 |a STU  |b slo 
041 0 |a slo 
100 1 |a Blokhina, Victoria  |u 020020  |k Z4  |4 aut  |U SjF Strojnícka fakulta  |T SjF Ústav automatizácie, informatizácie a merania  |X 112702  |U J0020  |Y 802  |7 112702 
242 0 1 |a The issue of calibration of climatic chambers  |y eng 
245 1 0 |a Problematika kalibrácie klimatických komôr 
260 |c 2025 
650 4 |a kalibrácia  |2 slo 
650 4 |a klimatické komory  |2 slo 
650 4 |a meteorológia  |2 slo 
650 4 |a calibration  |2 eng 
650 4 |a climate chambers  |2 eng 
650 4 |a meteorology  |2 eng 
700 1 |a Rybář, Jan  |u 020020  |k Z1  |4 ths  |U SjF Strojnícka fakulta  |T SjF Ústav automatizácie, informatizácie a merania  |X 42048  |U J0020  |Y 802  |7 A000042048 
856 4 |u http://is.stuba.sk/zp/portal_zp.pl?podrobnosti=178881